| 000 | 00686nam a22002177a 4500 | ||
|---|---|---|---|
| 005 | 20140312111623.0 | ||
| 010 | _aENG-109534 | ||
| 020 |
_c399.00 _a9781259029554 |
||
| 020 |
_c399.00 _a1259029557 |
||
| 035 | _aEN-93067 | ||
| 037 | _bDBAD/PUB | ||
| 082 | _a581.2 | ||
| 100 | _aMehrotra, R.S. | ||
| 245 | 0 | 0 |
_aFundamentals of plant pathology / _cby R.S. Mehrotra [and] Ashok Aggarwal |
| 260 |
_aNew Delhi _bMcGraw Hill Education _c2013 |
||
| 270 |
_aP-24, Green Park Extn. _bNew Delhi _e110016 |
||
| 300 |
_axix,433p. : _c24cm(pbk) _bill. |
||
| 500 | _aIncludes bibliographical references and index | ||
| 700 | _aAggarwal, Ashok | ||
| 942 |
_2ddc _cEN _mMEH _h581.2 |
||
| 999 |
_c82922 _d82922 |
||